Finding our way readings on women in Pakistan (Record no. 1385370)

MARC details
000 -LEADER
fixed length control field 00519nam a2200181Ia 4500
005 - DATE AND TIME OF LATEST TRANSACTION
control field 20250508163815.0
008 - FIXED-LENGTH DATA ELEMENTS--GENERAL INFORMATION
fixed length control field 008 250505s9999 xx 000 0 eng d
037 ## - SOURCE OF ACQUISITION
Stock number Textual
040 ## - CATALOGING SOURCE
Original cataloging agency FEDL
Language of cataloging eng
Transcribing agency FEDL
041 ## - LANGUAGE CODE
Language code of text/sound track or separate title eng
Source of code eng
084 ## - COLON CLASSIFICATION NUMBER
Classification number 305.4, ZAF
Assigning agency FEDL
100 ## - MAIN ENTRY--PERSONAL NAME
Personal name Fareeha Zafar
9 (RLIN) 776412
245 #0 - TITLE STATEMENT
Title Finding our way readings on women in Pakistan
260 ## - PUBLICATION, DISTRIBUTION, ETC.
Place of publication, distribution, etc. Lahore, Pakistan
Name of publisher, distributor, etc. ASR Publications
Date of publication, distribution, etc. 1991
300 ## - PHYSICAL DESCRIPTION
Extent xxi,335p.
942 ## - ADDED ENTRY ELEMENTS (KOHA)
Koha item type Textual
Classification part 305.4, ZAF
Holdings
Withdrawn status Lost status Damaged status Not for loan Home library Current library Date acquired Total Checkouts Full call number Barcode Date last seen Price effective from Koha item type
        Department of Education Library Department of Education Library 2025-05-08   305.4, ZAF EL0078931 2025-05-08 2025-05-08 Textual
Copyright @ Delhi University Library System